000
00213nam a22000857a 4500
008
160808b xxu||||| |||| 00| 0 eng d
100
_9
58
_a
Jain S.K
245
_a
Science-8
260
_a
New Delhi
_b
Prachi Publication
_c
2013
999
_c
2710
_d
2710